00706nam a2200241 a 4500001001300000003000900013005001700022008004100039020001000080082001500090100002900105245002800134260003500162300000900197500003500206505003400241650003500275700002900310902000800339942000700347952009500354999001500449nice12345678IN_TiNIC20260116012119.0050524s0000 newa grp 000 0 eng  ac10000a230.7bCAN aCannon, William Ragsdale aTheology of John Wesley aNew YorkbAbingdon Pressc0000 a284p aincludes index and biblioraphy2 aBibliography, Index, Appendix aTheology-Doctrinal-john Wesley1 aCannon, William Ragsdale bSRS cBK 00104070aHMIbHMId2007-06-14g100.00l0o230.7 CANp08549r2007-06-14w2026-01-16yEB c5700d5700